00419 2200169 4500001002100000005001500021008004100036035001900077041000700096082000800103090001400111100001400125245002200139260004100161300002000202650002700222INLIS00000000001866020241224115539241224||||||||| | ||| |||| || |  0010-1224018660 aid0 a813 a813 DAR m0 aDaryanto.00aMENJEBAK PENCULIK aSurakartabWidya Putra Grafikac2000 a53hlm;14.6x21cm 0akesusastraan Indonesia